000 00879nam a2200241 i 4500
001 189067
003 SpMaBN
005 20240103185037.0
008 190326s2017 sp |||| |dspa d
020 _a978-84-946539-0-2
080 _a821.134.2 Cervantes Saavedra, Miguel de 1.07
080 _a929 Cervantes Saavedra, Miguel
100 1 _aRodríguez, Leandro.
_998271
245 1 0 _aMiguel de Cervantes Saavedra, hombre justo /
_cLeandro Rodríguez.
260 _aZamora :
_bSemuret,
_c[2017]
300 _a159 p. ;
_c22 cm.
504 _aBibliografía: p. [151]-152.
600 1 4 _aCervantes Saavedra, Miguel de,
_d1547-1616-
_xCrítica e interpretación
_937602
852 _aES-MaACL
_jA-14450
_9196204
_bR.151778
_cDEPO1
_dOlim: N-7450
_hDonación: Leandro Rodríguez
903 _998271
_aRodríguez, Leandro
_ednr
942 _2udc
_cMONOGRAFIA
999 _c189067
_d189067